000 00303nam a2200133 i 4500
001 bg
100 1 _aTOKARCZYK, Roman
245 0 _aPrawa wierne naturze /
_cRoman Tokarczyk.
260 _aLublin,
_c1980.
040 _cBPK
041 _apol
942 _cKS
008 s pl f |000 0 pol
999 _c21607
_d21607
856 _uhttp://koha.tu.koszalin.pl/cgi-bin/koha/opac-detail.pl?biblionumber=21607
_yKatalog online BPK